Normal view
MARC view
- Grinberg, Arkady
Entry Personal Name
001 - CONTROL NUMBER
- control field: 76900
003 - CONTROL NUMBER IDENTIFIER
- control field: NUST
005 - DATE AND TIME OF LATEST TRANSACTION
- control field: 20210628205737.0
008 - FIXED-LENGTH DATA ELEMENTS
- fixed length control field: 210628|| aca||aabn | a|a d
040 ## - CATALOGING SOURCE
- Original cataloging agency: NUST
- Transcribing agency: NUST
100 ## - HEADING--PERSONAL NAME
- Personal name: Grinberg, Arkady
670 ## - SOURCE DATA FOUND
- Source citation: Work cat.: (NUST): Grinberg, Arkady, Seamless networks interoperating wireless and wireless networks, 1997
